El hijo del pastor
Saved in:
| Hovedforfatter: | |
|---|---|
| Format: | Bog |
| Sprog: | spansk |
| Udgivet: |
Santiago
Delfín
2004
|
| Fag: | |
| Tags: |
Tilføj Tag
Ingen Tags, Vær først til at tagge denne postø!
|
MARC
| LEADER | 00000nam a2200000 a 4500 | ||
|---|---|---|---|
| 001 | UCJ2722 | ||
| 003 | CL-VaPUC | ||
| 008 | 070112e20040000CL |||||||||||||||||spa|d | ||
| 020 | |a 9562993833 | ||
| 082 | 0 | 4 | |a Ch860.9 |b MIL |2 21 |
| 100 | |a Miller, Jaime |e autor |9 503643 | ||
| 245 | 1 | 3 | |a El hijo del pastor |
| 300 | |a 53 p | ||
| 942 | |c BK | ||
| 945 | |d 20070112 00:00:00 |a jtorresc | ||
| 260 | |a Santiago |b Delfín |c 2004 | ||
| 650 | 0 | |a Literatura chilena |9 308278 | |
| 650 | 0 | |a Cuentos chilenos |9 308280 | |
| 583 | |a last modification |c 20120511 11:41:15 |k Rodrigo Vera | ||
| 999 | |c 318856 |d 318854 | ||
| 952 | |0 0 |1 0 |4 0 |6 CH_860_900000000000000_MIL_2004 |7 0 |8 A |9 397051 |a BIBEDU |b BIBEDU |d 2019-11-22 |i 4303318 |o Ch860.9 MIL 2004 |p 4303318 |r 2019-11-22 |w 2019-11-22 |y BK |k LIT | ||